[Event "Frauenbundesliga 2011-12"]
[Site "Germany GER"]
[Date "2011.11.27"]
[Round "4.1"]
[White "Socko, Monika"]
[Black "Bodnaruk, Anastasia"]
[Result "1-0"]
[WhiteElo "2490"]
[BlackElo "2417"]
[PlyCount "137"]
[EventDate "2011.10.29"]
[EventType "team-tourn"]
[EventCountry "GER"]
[WhiteTeamCountry "GER"]
[BlackTeamCountry "GER"]

1. d4 Nf6 2. c4 g6 3. Nc3 Bg7 4. e4 d6 5. f3 O-O 6. Be3 c5 7. dxc5 dxc5 8. Qxd8
Rxd8 9. Bxc5 Nc6 10. Nge2 b6 11. Ba3 e6 12. Rd1 Bb7 13. Nc1 Rxd1+ 14. Kxd1 Nd7
15. Kc2 Nde5 16. Nb3 a5 17. Na4 Nb4+ 18. Kb1 Nd7 19. Be2 Bc6 20. Nc3 Nc5 21.
Nxc5 bxc5 22. Rd1 Kf8 23. Nb5 Ke7 24. b3 a4 25. Bxb4 cxb4 26. Nd4 Be8 27. Rd3
f5 28. Nc2 Rb8 29. exf5 gxf5 30. f4 axb3 31. axb3 Bc3 32. Rh3 Bg6 33. Rd3 Be8
34. Bf3 Rc8 35. Ne3 Rc5 36. Nd1 Bf6 37. Rd2 Ra5 38. Ra2 Rxa2 39. Kxa2 Kd6 40.
Nf2 Kc5 41. Nd3+ Kd4 42. Nxb4 Kc3 43. Na6 e5 44. Nc7 Bf7 45. Bd5 Bh5 46. Bf3
Bf7 47. Nb5+ Kb4 48. fxe5 Bxe5 49. h3 Be8 50. Na3 f4 51. Be4 h5 52. Nc2+ Kc3
53. Ne1 Bd6 54. Nf3 Be7 55. Ng1 Bd6 56. Ne2+ Kd2 57. Bf3 Bc6 58. Bxc6 Kxe2 59.
Bf3+ Kd3 60. Bxh5 Kc3 61. Bf7 Be7 62. Bg6 Kd2 63. Kb2 Bf6+ 64. Ka3 Kc3 65. Ka4
Be7 66. Bf7 Kd4 67. b4 Bd8 68. c5 Ke5 69. Kb5 1-0

[Event "Frauenbundesliga 2011-12"]
[Site "Germany GER"]
[Date "2011.11.27"]
[Round "4.2"]
[White "Pokorna, Regina"]
[Black "Michna, Marta"]
[Result "1/2-1/2"]
[WhiteElo "2359"]
[BlackElo "2396"]
[PlyCount "42"]
[EventDate "2011.10.29"]
[EventType "team-tourn"]
[EventCountry "GER"]
[WhiteTeam "Rodewischer Schachmiezen"]
[BlackTeam "Hamburger SK von 1830"]
[WhiteTeamCountry "GER"]
[BlackTeamCountry "GER"]

1. e4 e6 2. d4 d5 3. Nd2 Nf6 4. e5 Nfd7 5. Bd3 c5 6. c3 b6 7. Ne2 Ba6 8. Bxa6
Nxa6 9. a3 Nc7 10. Nf4 Be7 11. Qg4 g6 12. h4 h5 13. Qg3 c4 14. Nf3 b5 15. O-O
a5 16. Nh3 Kf8 17. Bg5 Ne8 18. Qf4 Bxg5 19. Nfxg5 Qe7 20. Rab1 Nb6 21. Rfe1 Ng7
1/2-1/2

[Event "Frauenbundesliga 2011-12"]
[Site "Germany GER"]
[Date "2011.11.27"]
[Round "4.6"]
[White "Kubikova, Hanna"]
[Black "Hegeler, Anja"]
[Result "1/2-1/2"]
[WhiteElo "2159"]
[BlackElo "2178"]
[PlyCount "85"]
[EventDate "2011.10.29"]
[EventType "team-tourn"]
[EventCountry "GER"]
[WhiteTeam "Rodewischer Schachmiezen"]
[BlackTeam "Hamburger SK von 1830"]
[WhiteTeamCountry "GER"]
[BlackTeamCountry "GER"]

1. d4 Nf6 2. Nf3 c6 3. c4 d5 4. cxd5 cxd5 5. Nc3 Nc6 6. Bf4 Bf5 7. e3 e6 8. Ne5
Nd7 9. Bb5 Ndxe5 10. Bxe5 Qb6 11. O-O f6 12. Bg3 Rc8 13. Rc1 a6 14. Bxc6+ Rxc6
15. Na4 Qb5 16. Rxc6 bxc6 17. b3 Bb4 18. Nc5 Bxc5 19. dxc5 Qxc5 20. Qd2 O-O 21.
Rc1 Qb5 22. Bd6 Rd8 23. Bb4 Rc8 24. Rc5 Qd3 25. Qxd3 Bxd3 26. a3 e5 27. Rc3 Bf5
28. Rc5 Be6 29. Bd2 d4 30. b4 Bb3 31. h3 Ba4 32. e4 Kf7 33. f3 Ke6 34. Kf2 Bb5
35. h4 g6 36. g3 f5 37. f4 exf4 38. Bxf4 fxe4 39. Re5+ Kf7 40. Rxe4 Rd8 41. Bg5
Rd7 42. Ke1 Bd3 43. Rf4+ 1/2-1/2

[Event "Frauenbundesliga 2011-12"]
[Site "Germany GER"]
[Date "2011.11.27"]
[Round "4.3"]
[White "Heinatz, Gundula"]
[Black "Schulz, Stefanie"]
[Result "1/2-1/2"]
[WhiteElo "2218"]
[BlackElo "2075"]
[PlyCount "127"]
[EventDate "2011.10.29"]
[EventType "team-tourn"]
[EventCountry "GER"]
[WhiteTeamCountry "GER"]
[BlackTeamCountry "GER"]

1. d4 Nf6 2. Nf3 c5 3. c4 e6 4. Nc3 d5 5. g3 Nc6 6. cxd5 exd5 7. Bg2 Be7 8. O-O
h6 9. b3 O-O 10. dxc5 Bxc5 11. Bb2 Be6 12. Nb5 Ne4 13. e3 Qb6 14. Nbd4 Bg4 15.
Nxc6 bxc6 16. Qc2 Bf5 17. Nh4 Bh7 18. Qe2 Rfe8 19. Qg4 Bf8 20. Rfe1 Re6 21. Bh3
Ng5 22. Bg2 Ne4 23. Qe2 Ree8 24. Rac1 Rad8 25. f3 Nc5 26. Bd4 Qa5 27. Red1 g5
28. f4 gxh4 29. Qg4+ Bg6 30. f5 h5 31. Qg5 Ne6 32. fxe6 Rxe6 33. Bh3 Rde8 34.
Bxe6 Rxe6 35. Rf1 hxg3 36. hxg3 Qd2 37. Rcd1 Qe2 38. Rde1 Qd2 39. Qf4 c5 40.
Ba1 Qxa2 41. Qb8 Qd2 42. Qf4 a6 43. Qf2 Qb4 44. Qb2 d4 45. Qf2 Bg7 46. exd4
cxd4 47. Rxe6 fxe6 48. Qf3 Qb6 49. Kh2 Qd6 50. Qf4 e5 51. Qg5 Kh7 52. Rd1 Bf6
53. Qd2 d3 54. Rf1 Bg7 55. Bc3 Qe7 56. Qf2 Qe6 57. Qa7 Be8 58. Re1 Bd7 59. Qe3
Qh3+ 60. Kg1 Bc6 61. Qxd3+ Kh8 62. Qd8+ Kh7 63. Qd3+ Kh8 64. Qd8+ 1/2-1/2

[Event "Frauenbundesliga 2011-12"]
[Site "Germany GER"]
[Date "2011.11.27"]
[Round "4.4"]
[White "Mai, Iris"]
[Black "Lauterbach, Ingrid"]
[Result "1/2-1/2"]
[WhiteElo "2115"]
[BlackElo "2063"]
[PlyCount "56"]
[EventDate "2011.10.29"]
[EventType "team-tourn"]
[EventCountry "GER"]
[WhiteTeam "SC Rotation Pankow"]
[BlackTeam "Karlsruher SF 1853"]
[WhiteTeamCountry "GER"]
[BlackTeamCountry "GER"]

1. d4 d6 2. Nf3 g6 3. c4 Bg7 4. Nc3 c5 5. d5 Bxc3+ 6. bxc3 f5 7. h3 Qa5 8. Qc2
Nf6 9. Bh6 Ne4 10. Rc1 Nd7 11. e3 Ndf6 12. Bd3 Bd7 13. O-O O-O-O 14. Ng5 Nxg5
15. Bxg5 Rdf8 16. e4 fxe4 17. Bxe4 Nxe4 18. Qxe4 Rf7 19. Qc2 Bf5 20. Qd2 Qa4
21. Rfe1 Re8 22. g4 Bd7 23. Re4 h5 24. Rce1 hxg4 25. hxg4 Rh7 26. Bxe7 Bxg4 27.
Rxg4 Rhxe7 28. Rxe7 Rxe7 1/2-1/2

[Event "Frauenbundesliga 2011-12"]
[Site "Germany GER"]
[Date "2011.11.27"]
[Round "4.5"]
[White "Kiefhaber, Veronika"]
[Black "Wagner Michel, Annett"]
[Result "1/2-1/2"]
[WhiteElo "2217"]
[BlackElo "2169"]
[PlyCount "58"]
[EventDate "2011.10.29"]
[EventType "team-tourn"]
[EventCountry "GER"]
[WhiteTeamCountry "GER"]
[BlackTeamCountry "GER"]

1. e4 c5 2. c3 d5 3. exd5 Qxd5 4. d4 Nc6 5. Nf3 Nf6 6. Be3 cxd4 7. cxd4 e6 8.
Nc3 Qd8 9. a3 Be7 10. Bd3 O-O 11. O-O b6 12. Qe2 Bb7 13. Rad1 Rc8 14. Rfe1 Re8
15. Bb1 Nd5 16. Ne4 Qc7 17. Nfg5 g6 18. Qf3 Bxg5 19. Bxg5 f5 20. Ng3 Qg7 21.
Qd3 h6 22. Bc1 Kh7 23. Ba2 Nd8 24. Nf1 Re7 25. Qg3 Nf7 26. Bb3 Qf6 27. Bf4 Nxf4
28. Qxf4 Rd8 29. Ng3 Qg5 1/2-1/2

[Event "Frauenbundesliga 2011-12"]
[Site "Germany GER"]
[Date "2011.11.27"]
[Round "4.3"]
[White "Klink, Tamara"]
[Black "Sikorska, Dorota"]
[Result "1-0"]
[WhiteElo "2306"]
[BlackElo "1957"]
[PlyCount "127"]
[EventDate "2011.10.29"]
[EventType "team-tourn"]
[EventCountry "GER"]
[WhiteTeamCountry "GER"]
[BlackTeamCountry "GER"]

1. e4 d6 2. d4 e5 3. Nf3 Nd7 4. Bc4 Be7 5. dxe5 Nxe5 6. Nxe5 dxe5 7. Qh5 g6 8.
Qxe5 Nf6 9. Bh6 Qd6 10. Qxd6 cxd6 11. Nc3 a6 12. f3 Be6 13. Bb3 Rg8 14. Be3
O-O-O 15. Bb6 Rdf8 16. O-O-O Nd7 17. Be3 Nc5 18. Nd5 Nxb3+ 19. axb3 Bxd5 20.
Rxd5 Kc7 21. Rhd1 Rd8 22. Bf4 Kc6 23. c4 f6 24. Kc2 Rge8 25. b4 b6 26. Ra1 Kb7
27. Rad1 Kc6 28. b5+ axb5 29. Rxb5 Ra8 30. Rd3 Rec8 31. Be3 Bd8 32. Rbd5 Bc7
33. Bd4 Rf8 34. Bc3 Rab8 35. Bb4 Rfd8 36. Ba3 Rd7 37. b3 Rbd8 38. b4 Bb8 39.
b5+ Kc7 40. Kb3 Kc8 41. Bb2 Rf8 42. Bd4 Bc7 43. Be3 Re8 44. c5 bxc5 45. Bxc5
Red8 46. Bd4 Rf7 47. b6 Bb8 48. Rc3+ Kb7 49. Kb4 Rc8 50. Rxc8 Kxc8 51. Kb5 Kb7
52. Bf2 Rf8 53. Bg3 Rd8 54. e5 fxe5 55. Bxe5 Rd7 56. Bg3 Rd8 57. h4 Rd7 58. Bh2
Rd8 59. h5 Rd7 60. hxg6 hxg6 61. Rg5 Rg7 62. Bg1 d5 63. Bd4 Rg8 64. Rxd5 1-0

[Event "Frauenbundesliga 2011-12"]
[Site "Germany GER"]
[Date "2011.11.27"]
[Round "4.4"]
[White "Schulz,A1"]
[Black "Tammert, Iamze"]
[Result "0-1"]
[WhiteElo "1819"]
[BlackElo "2290"]
[PlyCount "28"]
[EventDate "2011.10.29"]
[EventType "team-tourn"]
[EventCountry "GER"]
[WhiteTeam "SV Chemie Guben 1990"]
[BlackTeam "OSG Baden Baden"]
[WhiteTeamCountry "GER"]
[BlackTeamCountry "GER"]

1. Nf3 g6 2. g3 Bg7 3. Bg2 Nf6 4. O-O c5 5. c4 Nc6 6. Nc3 d5 7. cxd5 Nxd5 8.
Nxd5 Qxd5 9. a3 O-O 10. Rb1 Qa2 11. Qc2 Be6 12. d4 cxd4 13. Bf4 Bf5 14. Ra1
Qxa1 0-1

[Event "Frauenbundesliga 2011-12"]
[Site "Germany GER"]
[Date "2011.11.27"]
[Round "4.5"]
[White "Duppel, Tina"]
[Black "Judek, Magdalena Maria"]
[Result "1-0"]
[WhiteElo "2260"]
[BlackElo "1797"]
[PlyCount "83"]
[EventDate "2011.10.29"]
[EventType "team-tourn"]
[EventCountry "GER"]
[WhiteTeamCountry "GER"]
[BlackTeamCountry "GER"]

1. e4 e5 2. Nf3 Nc6 3. Bc4 Nf6 4. d3 Bc5 5. c3 d6 6. Bb3 O-O 7. O-O Bb6 8. Bg5
h6 9. Bh4 Bg4 10. Nbd2 g5 11. Bg3 Qd7 12. Nc4 Rae8 13. Ne3 Ne7 14. Nxg4 Qxg4
15. Nd2 Qxd1 16. Raxd1 Kg7 17. Nc4 Nc6 18. Nxb6 axb6 19. f3 Nh5 20. Bf2 Nf4 21.
d4 exd4 22. cxd4 f6 23. Rfe1 Nb4 24. Re3 Re7 25. a3 Na6 26. Be1 Rfe8 27. Bc3 d5
28. g3 Nh3+ 29. Kg2 g4 30. fxg4 Ng5 31. e5 c6 32. Rf1 fxe5 33. dxe5 Re6 34. Bc2
c5 35. Bb3 d4 36. Bxe6 dxc3 37. Bd7 Rd8 38. e6 Nxe6 39. Bxe6 Rd2+ 40. Rf2 cxb2
41. Rb3 c4 42. Bxc4 1-0

[Event "Frauenbundesliga 2011-12"]
[Site "Germany GER"]
[Date "2011.11.27"]
[Round "4.6"]
[White "Dshurowa, Petra"]
[Black "Bochis, Julia"]
[Result "0-1"]
[WhiteElo "1472"]
[BlackElo "2108"]
[PlyCount "86"]
[EventDate "2011.10.29"]
[EventType "team-tourn"]
[EventCountry "GER"]
[WhiteTeam "SV Chemie Guben 1990"]
[BlackTeam "OSG Baden Baden"]
[WhiteTeamCountry "GER"]
[BlackTeamCountry "GER"]

1. c4 c5 2. Nc3 Nf6 3. g3 d5 4. cxd5 Nxd5 5. Bg2 Nc7 6. d3 e5 7. f4 exf4 8.
Bxf4 Ne6 9. Bd2 Bd6 10. Nf3 O-O 11. Qc2 Nc6 12. Ne4 Be7 13. e3 Bd7 14. a3 Rc8
15. Rc1 Na5 16. Qc3 b6 17. b3 Bb5 18. d4 cxd4 19. Qxc8 Qxc8 20. Rxc8 Rxc8 21.
Bxa5 bxa5 22. a4 Bb4+ 23. Kd1 Bd3 24. Nxd4 Nxd4 25. exd4 Rc2 26. Bf3 Ra2 27.
Kc1 Ba3+ 28. Kd1 Bc2+ 29. Ke1 Bb4+ 30. Nd2 Bd3 31. Kf2 Bxd2 32. Rd1 Bb4+ 33.
Ke3 Bc2 34. Rc1 Ba3 35. Rf1 Bxb3 36. Bc6 Bc4 37. Rf5 Bc1+ 38. Kf3 g6 39. Rxa5
Bf1 40. d5 Bg2+ 41. Kg4 f5+ 42. Kh4 g5+ 43. Kh5 Bf3+ 0-1

[Event "Frauenbundesliga 2011-12"]
[Site "Germany GER"]
[Date "2011.11.27"]
[Round "4.3"]
[White "Paikidze, Nazi"]
[Black "Daulyte, Deimante"]
[Result "1-0"]
[WhiteElo "2412"]
[BlackElo "2238"]
[PlyCount "67"]
[EventDate "2011.10.29"]
[EventType "team-tourn"]
[EventCountry "GER"]
[WhiteTeamCountry "GER"]
[BlackTeamCountry "GER"]

1. e4 e5 2. Nf3 Nc6 3. Bb5 a6 4. Ba4 Nf6 5. O-O Be7 6. Re1 b5 7. Bb3 d6 8. c3
O-O 9. h3 Na5 10. Bc2 c5 11. d4 Nd7 12. Nbd2 exd4 13. cxd4 Nc6 14. d5 Nce5 15.
Nxe5 Nxe5 16. f4 Ng6 17. Nf3 Re8 18. e5 Bh4 19. Nxh4 Qxh4 20. e6 fxe6 21. f5
Ne7 22. dxe6 Bb7 23. Be3 Nd5 24. Bf2 Qe7 25. Be4 Nf4 26. Bxb7 Qxb7 27. Qg4 Nd5
28. Qf3 Ra7 29. Rad1 Ne7 30. Qg4 Nd5 31. Bh4 Kh8 32. Qf3 Nb6 33. Qf4 Nc8 34. f6
1-0

[Event "Frauenbundesliga 2011-12"]
[Site "Germany GER"]
[Date "2011.11.27"]
[Round "4.4"]
[White "Nikolova, Adriana"]
[Black "Girya, Olga"]
[Result "1-0"]
[WhiteElo "2268"]
[BlackElo "2390"]
[PlyCount "133"]
[EventDate "2011.10.29"]
[EventType "team-tourn"]
[EventCountry "GER"]
[WhiteTeam "Sfr 1891 Friedberg"]
[BlackTeam "SC Bad Koenigshofen 1957"]
[WhiteTeamCountry "GER"]
[BlackTeamCountry "GER"]

1. e4 c6 2. d4 d5 3. Nc3 dxe4 4. Nxe4 Bf5 5. Ng3 Bg6 6. h4 h6 7. Nf3 Nd7 8. Bd3
Bxd3 9. Qxd3 e6 10. Bd2 Ngf6 11. O-O-O Be7 12. Ne4 Nxe4 13. Qxe4 Nf6 14. Qe2
Qd5 15. Kb1 Qe4 16. Be3 a5 17. Ne5 Nd5 18. Nc4 a4 19. f3 Qh7 20. Bd2 a3 21. b3
O-O 22. g4 c5 23. dxc5 Rfc8 24. g5 h5 25. Ne5 Qf5 26. Qe4 Bxc5 27. Qxf5 exf5
28. c4 Nb6 29. Bc3 Rd8 30. Kc2 Re8 31. Rh2 Rac8 32. Re2 Re6 33. Red2 Be7 34. f4
Na8 35. b4 f6 36. Ng6 fxg5 37. Nxe7+ Rxe7 38. Rd8+ Re8 39. R8d7 Rxc4 40. Rxg7+
Kf8 41. Rxg5 Rxf4 42. Rd7 Re2+ 43. Kd3 Rxa2 44. Rxh5 Rf3+ 45. Kd4 Kg8 46. Rd8+
Kf7 47. Rxa8 Re2 48. Rxa3 Re4+ 49. Kc5 Ree3 50. Bb2 Rxa3 51. Bxa3 Rxa3 52.
Rxf5+ Ke6 53. Rh5 Rf3 54. Rh7 Rf5+ 55. Kb6 Kd5 56. Rc7 Rf4 57. b5 Rxh4 58. Kxb7
Kd6 59. b6 Rh8 60. Rg7 Rh3 61. Kb8 Kc6 62. b7 Rf3 63. Rg6+ Kb5 64. Re6 Rc3 65.
Re1 Rf3 66. Ra1 Rb3 67. Ka8 1-0

[Event "Frauenbundesliga 2011-12"]
[Site "Germany GER"]
[Date "2011.11.27"]
[Round "4.5"]
[White "Gromova, Julia"]
[Black "Genova, Lyubka"]
[Result "1/2-1/2"]
[WhiteElo "2231"]
[BlackElo "2259"]
[PlyCount "62"]
[EventDate "2011.10.29"]
[EventType "team-tourn"]
[EventCountry "GER"]
[WhiteTeamCountry "GER"]
[BlackTeamCountry "GER"]

1. d4 Nf6 2. c4 e6 3. Nf3 b6 4. g3 Ba6 5. b3 b5 6. Bg2 bxc4 7. Ne5 Bb4+ 8. Bd2
cxb3 9. axb3 Bxd2+ 10. Nxd2 d5 11. b4 Bb5 12. Nb3 Nfd7 13. Nd3 Nb6 14. O-O N8d7
15. Qc2 Nc4 16. Ra2 c6 17. Rfa1 Qc7 18. e3 O-O 19. Nbc1 Rfb8 20. Qc3 Nd6 21.
Nb2 Nb6 22. Nb3 Nd7 23. Na5 Nb7 24. Nb3 Nd6 25. Na5 Nb7 26. Rc1 Nxa5 27. Rxa5
Qb7 28. Ra2 g6 29. Rca1 Kg7 30. Ra5 a6 31. R5a2 Ra7 1/2-1/2

[Event "Frauenbundesliga 2011-12"]
[Site "Germany GER"]
[Date "2011.11.27"]
[Round "4.6"]
[White "Toth, Lili"]
[Black "Nuber, Helene"]
[Result "1-0"]
[WhiteElo "2216"]
[BlackElo "2060"]
[PlyCount "79"]
[EventDate "2011.10.29"]
[EventType "team-tourn"]
[EventCountry "GER"]
[WhiteTeam "Sfr 1891 Friedberg"]
[BlackTeam "SC Bad Koenigshofen 1957"]
[WhiteTeamCountry "GER"]
[BlackTeamCountry "GER"]

1. d4 e6 2. Nf3 Nf6 3. c4 d5 4. Nc3 Be7 5. g3 O-O 6. Bg2 dxc4 7. Ne5 c5 8. dxc5
Qxd1+ 9. Nxd1 Bxc5 10. O-O Nd5 11. Nxc4 Nc6 12. e4 Ndb4 13. Bf4 b5 14. Bd6 Bxd6
15. Nxd6 e5 16. Nc3 a6 17. Nd5 Nxd5 18. exd5 Nd4 19. Rae1 f6 20. Nxc8 Raxc8 21.
f4 Nc2 22. Re4 exf4 23. Rfxf4 Rfe8 24. Bh3 Rxe4 25. Rxe4 Rd8 26. Be6+ Kf8 27.
Kf2 a5 28. a3 g6 29. Ke2 Na1 30. Re3 a4 31. Rc3 Nb3 32. Kd3 f5 33. Rc7 Rd6 34.
Ke3 Na5 35. Kd4 Nc4 36. Kc5 Rd8 37. Rf7+ Ke8 38. Rxh7 Nxb2 39. d6 Nd3+ 40. Kd5
1-0

[Event "Frauenbundesliga 2011-12"]
[Site "Germany GER"]
[Date "2011.11.27"]
[Round "4.1"]
[White "Seps, Monika"]
[Black "Worek, Joanna"]
[Result "0-1"]
[WhiteElo "2198"]
[BlackElo "2265"]
[PlyCount "50"]
[EventDate "2011.10.29"]
[EventType "team-tourn"]
[EventCountry "GER"]
[WhiteTeamCountry "GER"]
[BlackTeamCountry "GER"]

1. e4 c5 2. Nf3 e6 3. d4 cxd4 4. Nxd4 Nf6 5. Nc3 d6 6. Be2 Be7 7. O-O Bd7 8.
Be3 a6 9. f4 Nc6 10. Qe1 O-O 11. Qg3 Rc8 12. Rad1 Na5 13. e5 Ne8 14. f5 exf5
15. Nxf5 Bxf5 16. Rxf5 Nc4 17. Bxc4 Rxc4 18. exd6 Bxd6 19. Qf3 b5 20. Nd5 Rxc2
21. Rh5 Qc8 22. Qe4 f5 23. Qh4 Qc4 24. Qh3 Qg4 25. Rxh7 Qxd1# 0-1

[Event "Frauenbundesliga 2011-12"]
[Site "Germany GER"]
[Date "2011.11.27"]
[Round "4.2"]
[White "Leks, Maria"]
[Black "Jussupow, Ekaterina"]
[Result "1-0"]
[WhiteElo "2108"]
[BlackElo "2162"]
[PlyCount "87"]
[EventDate "2011.10.29"]
[EventType "team-tourn"]
[EventCountry "GER"]
[WhiteTeam "TSV Schott Mainz"]
[BlackTeam "SV Stuttgart Wolfbusch 1956"]
[WhiteTeamCountry "GER"]
[BlackTeamCountry "GER"]

1. e4 e5 2. Nf3 Nc6 3. Bc4 Bc5 4. c3 Nf6 5. d4 exd4 6. e5 Ne4 7. Bd5 Nxf2 8.
Kxf2 dxc3+ 9. Kf1 Qe7 10. Nxc3 Nxe5 11. Bf4 d6 12. Bxe5 dxe5 13. Qe2 c6 14.
Nxe5 O-O 15. Bf3 Qf6 16. Nd3 Bb6 17. Qe5 Qg6 18. Rd1 Be6 19. Nf4 Qc2 20. Qe2
Qf5 21. Nxe6 fxe6 22. Rd6 e5 23. Qe4 Qg5 24. Ke2 Rf4 25. Qd3 Raf8 26. Rf1 Bd4
27. Ne4 Qe7 28. Qb3+ Kh8 29. Qe6 Qh4 30. Kd3 Bxb2 31. Rd7 c5 32. Rxb7 Qd8+ 33.
Kc2 Rxe4 34. Rxb2 Re3 35. Rd1 Qa5 36. Qd6 Rg8 37. Qd2 Qa4+ 38. Kb1 Ra3 39. Qc2
Qa5 40. Bd5 Rc8 41. Qf5 Rd8 42. Rf1 h6 43. Be4 g6 44. Qf6+ 1-0

[Event "Frauenbundesliga 2011-12"]
[Site "Germany GER"]
[Date "2011.11.27"]
[Round "4.3"]
[White "Haecker, Sonja"]
[Black "Frey, Alisa"]
[Result "1/2-1/2"]
[WhiteElo "2070"]
[BlackElo "2104"]
[PlyCount "82"]
[EventDate "2011.10.29"]
[EventType "team-tourn"]
[EventCountry "GER"]
[WhiteTeamCountry "GER"]
[BlackTeamCountry "GER"]

1. e4 e5 2. Nf3 Nc6 3. Bb5 a6 4. Ba4 Nf6 5. O-O Be7 6. Re1 b5 7. Bb3 O-O 8. h3
d6 9. c3 Na5 10. Bc2 d5 11. exd5 e4 12. Bxe4 Nxe4 13. Rxe4 Bb7 14. d3 Bxd5 15.
Re1 Bd6 16. Be3 f5 17. Nbd2 c5 18. Nb3 Nxb3 19. axb3 Qf6 20. d4 f4 21. Bc1 Qf7
22. dxc5 Bxc5 23. Ne5 Qb7 24. Qg4 Ba7 25. Bxf4 Rf6 26. Be3 Raf8 27. Qd7 Bxe3
28. fxe3 Rf2 29. Qxb7 Rxg2+ 30. Kh1 Bxb7 31. e4 Rff2 32. Rad1 h5 33. Rd7 Rh2+
34. Kg1 Rfg2+ 35. Kf1 Rxb2 36. Kg1 Rhg2+ 37. Kh1 Rh2+ 38. Kg1 Rbg2+ 39. Kf1
Rf2+ 40. Kg1 Rfg2+ 41. Kf1 Rf2+ 1/2-1/2

[Event "Frauenbundesliga 2011-12"]
[Site "Germany GER"]
[Date "2011.11.27"]
[Round "4.5"]
[White "Erben, Larissa"]
[Black "Voss, Chantal"]
[Result "1-0"]
[WhiteElo "2035"]
[BlackElo "1898"]
[PlyCount "103"]
[EventDate "2011.10.29"]
[EventType "team-tourn"]
[EventCountry "GER"]
[WhiteTeamCountry "GER"]
[BlackTeamCountry "GER"]

1. e4 e6 2. d4 d5 3. exd5 exd5 4. Nf3 Bd6 5. c4 Nf6 6. Nc3 O-O 7. Bd3 dxc4 8.
Bxc4 Nbd7 9. O-O Nb6 10. Bb3 c6 11. Bg5 Bg4 12. Re1 Bh5 13. h3 Rc8 14. g4 Bg6
15. Ne5 c5 16. dxc5 Rxc5 17. Nxg6 hxg6 18. Ne4 Re5 19. Qc2 Qe7 20. Nxf6+ Kh8
21. Ne4 Rxg5 22. Nxg5 Qxg5 23. Qe4 f5 24. Qg2 f4 25. Qf3 Nd7 26. h4 Qf6 27. Re6
Qxb2 28. Rae1 Ne5 29. Qe2 Qxe2 30. Rxe2 Nf3+ 31. Kf1 Bc5 32. Re8 Nd2+ 33. Ke1
Nxb3 34. Rxf8+ Bxf8 35. axb3 Kg8 36. Re4 Bd6 37. Ke2 Kf7 38. Rd4 Ke6 39. Kf3 a5
40. Ke4 Bc5 41. Rd2 Bd6 42. Rd5 b6 43. f3 Bb4 44. Rd8 Bd6 45. Re8+ Kf7 46. Ra8
Ke6 47. Ra7 Be7 48. Rb7 Bc5 49. Rxg7 Kf6 50. Rc7 Be3 51. Kd5 Bf2 52. g5+ 1-0

[Event "Frauenbundesliga 2011-12"]
[Site "Germany GER"]
[Date "2011.11.27"]
[Round "4.1"]
[White "Gaponenko, Inna"]
[Black "Kononenko, Tatiana"]
[Result "1/2-1/2"]
[WhiteElo "2445"]
[BlackElo "2375"]
[PlyCount "56"]
[EventDate "2011.10.29"]
[EventType "team-tourn"]
[EventCountry "GER"]
[WhiteTeamCountry "GER"]
[BlackTeamCountry "GER"]

1. e4 e6 2. d4 d5 3. Nd2 c5 4. exd5 exd5 5. Ngf3 Nf6 6. Bb5+ Bd7 7. Bxd7+ Nbxd7
8. dxc5 Nxc5 9. O-O Be7 10. Re1 O-O 11. Nf1 Re8 12. Be3 a5 13. Bd4 Ne6 14. Ne3
Nxd4 15. Qxd4 Rc8 16. Qd3 Bc5 17. Nd4 Qb6 18. c3 Bxd4 19. cxd4 Qxb2 20. Reb1
Qc3 21. Qxc3 Rxc3 22. Rxb7 Rd3 23. Rb5 a4 24. Nxd5 Nxd5 25. Rxd5 Rd2 26. Kf1 g6
27. Re5 Rb8 28. Re2 Rxd4 1/2-1/2

[Event "Frauenbundesliga 2011-12"]
[Site "Germany GER"]
[Date "2011.11.27"]
[Round "4.3"]
[White "Schleining, Zoya"]
[Black "Melamed, Tetyana"]
[Result "1/2-1/2"]
[WhiteElo "2326"]
[BlackElo "2342"]
[PlyCount "34"]
[EventDate "2011.10.29"]
[EventType "team-tourn"]
[EventCountry "GER"]
[WhiteTeamCountry "GER"]
[BlackTeamCountry "GER"]

1. e4 c5 2. Nf3 d6 3. d4 cxd4 4. Nxd4 Nf6 5. Nc3 a6 6. Be3 e6 7. Be2 Nbd7 8. f4
b5 9. Bf3 Bb7 10. e5 Bxf3 11. Qxf3 dxe5 12. Nc6 Qc7 13. Nxe5 Rc8 14. Nxd7 Qxd7
15. a3 Qc6 16. Qxc6+ Rxc6 17. Bd4 Bc5 1/2-1/2

[Event "Frauenbundesliga 2011-12"]
[Site "Germany GER"]
[Date "2011.11.27"]
[Round "4.4"]
[White "Sharevich, Anna"]
[Black "Kalinina, Olga"]
[Result "1-0"]
[WhiteElo "2257"]
[BlackElo "2288"]
[PlyCount "129"]
[EventDate "2011.10.29"]
[EventType "team-tourn"]
[EventCountry "GER"]
[WhiteTeam "USV Volksbank Halle"]
[BlackTeam "Schachverein Muelheim Nord 1931"]
[WhiteTeamCountry "GER"]
[BlackTeamCountry "GER"]

1. d4 d6 2. c4 e5 3. Nf3 e4 4. Ng5 f5 5. g3 h6 6. Nh3 g5 7. Bg2 Bg7 8. O-O Nf6
9. f3 c6 10. Nf2 d5 11. Nc3 O-O 12. fxe4 fxe4 13. e3 Bf5 14. Qb3 Qb6 15. Qxb6
axb6 16. cxd5 cxd5 17. b3 Nc6 18. a4 Rfc8 19. Nb5 Ne8 20. Bd2 Bf8 21. Bh3 Bxh3
22. Nxh3 Nc7 23. Nxc7 Rxc7 24. Nf2 h5 25. Nh3 Bh6 26. Rf5 Ne7 27. Re5 g4 28.
Nf4 Bxf4 29. gxf4 Kf7 30. Rxh5 Rc2 31. Bb4 Nc6 32. Be1 Rc8 33. Rxd5 Ne7 34. Rh5
Re2 35. d5 Rcc2 36. d6 Nc6 37. Rd1 Rxe3 38. Rhd5 Rxb3 39. d7 Nd8 40. Rf5+ Ke6
41. Re5+ Kf7 42. Rxe4 Rbb2 43. Bg3 Rd2 44. Rd4 Rxd1+ 45. Rxd1 Ke6 46. Bh4 Nc6
47. d8=Q Nxd8 48. Bxd8 Kf5 49. Bc7 Rb4 50. Re1 Rc4 51. Re5+ Kf6 52. Bd8+ Kf7
53. f5 Rd4 54. Bxb6 Rxa4 55. Rd5 Rf4 56. Bd8 Ke8 57. Bg5 Rf3 58. Rd8+ Kf7 59.
Rd7+ Kf8 60. f6 b5 61. Bh6+ Ke8 62. Re7+ Kd8 63. Bg5 g3 64. h4 b4 65. f7 1-0

[Event "Frauenbundesliga 2011-12"]
[Site "Germany GER"]
[Date "2011.11.27"]
[Round "4.6"]
[White "Straub, Natalia"]
[Black "Rudolph, Anna"]
[Result "1-0"]
[WhiteElo "2205"]
[BlackElo "2264"]
[PlyCount "189"]
[EventDate "2011.10.29"]
[EventType "team-tourn"]
[EventCountry "GER"]
[WhiteTeam "USV Volksbank Halle"]
[BlackTeam "Schachverein Muelheim Nord 1931"]
[WhiteTeamCountry "GER"]
[BlackTeamCountry "GER"]

1. d4 Nf6 2. c4 g6 3. g3 Bg7 4. Bg2 O-O 5. Nc3 d6 6. Nf3 Nbd7 7. O-O e5 8. e4
exd4 9. Nxd4 a6 10. h3 Re8 11. Re1 Rb8 12. Rb1 Ne5 13. b3 c5 14. Nde2 b5 15.
cxb5 axb5 16. f4 Ned7 17. b4 cxb4 18. Rxb4 Nc5 19. Be3 Qe7 20. Nd4 Bd7 21. Bf2
Na6 22. Rb1 b4 23. Nd5 Qd8 24. Qd2 Qa5 25. Nb3 Qd8 26. Nxf6+ Bxf6 27. Qxd6 Re6
28. Qd3 Qe8 29. e5 Bb5 30. Qd2 Bg7 31. Nd4 Re7 32. Nxb5 Qxb5 33. Bf1 Qb7 34.
Red1 Bf8 35. Qd5 Qxd5 36. Rxd5 Nc7 37. Ra5 Ne6 38. Bc4 Rc7 39. Bb3 Nc5 40. Bd5
Ne6 41. a3 Rbc8 42. axb4 Rc1+ 43. Rxc1 Rxc1+ 44. Kg2 Bxb4 45. Ra4 Bf8 46. Rc4
Rd1 47. Bxe6 fxe6 48. Rc8 Kf7 49. Rc7+ Kg8 50. Rc8 Kf7 51. g4 Rd3 52. Rc7+ Kg8
53. f5 gxf5 54. gxf5 Rd8 55. f6 Rd5 56. Bg3 Ba3 57. Bf4 Bf8 58. h4 Rd3 59. h5
h6 60. Rc8 Kf7 61. Rc7+ Kg8 62. Bg3 Rb3 63. Bh4 Rb8 64. f7+ Kg7 65. Bf6+ Kh7
66. Kf3 Ra8 67. Ke4 Ra4+ 68. Kd3 Ra8 69. Kc4 Rb8 70. Kc3 Rb1 71. Rd7 Rc1+ 72.
Kb3 Rb1+ 73. Ka4 Ra1+ 74. Kb5 Rb1+ 75. Kc6 Rc1+ 76. Kb7 Rc2 77. Rd8 Rc3 78. Rc8
Rb3+ 79. Kc6 Rd3 80. Re8 Ra3 81. Kd7 Ra6 82. Rc8 Rb6 83. Rc6 Rb7+ 84. Kxe6 Ra7
85. Rc8 Rb7 86. Rd8 Ra7 87. Rd7 Ra6+ 88. Kf5 Ra5 89. Bd8 Rb5 90. Bf6 Ra5 91.
Ke4 Ra4+ 92. Rd4 Ra6 93. Kf5 Ra5 94. Rg4 Rb5 95. Rg8 1-0